| 000 | 00950nam a2200289Ia 4500 | ||
|---|---|---|---|
| 003 | OSt | ||
| 005 | 20220925204446.0 | ||
| 006 | a|||||r|||| 00| 0 | ||
| 007 | ta | ||
| 008 | 220923b |||||||| |||| 00| 0 eng d | ||
| 020 |
_a9783662548929 _c6150.73 |
||
| 037 |
_b214, 17/01/2018, CLASSIC BOOKS SERVICES _cGeneral Book |
||
| 040 |
_aRTL _cRTL _beng |
||
| 041 |
_2eng _aeng |
||
| 082 | _aX:7:(B), Q2;Q7 | ||
| 100 |
_aCARDENETE Manuel Alejandro _9238560 |
||
| 245 | 0 |
_aApplied general equilibrium _b An introduction |
|
| 250 | _a2nd | ||
| 260 |
_aGermany _bSpringer _c2017 |
||
| 300 |
_axvi,176p _ccm. |
||
| 500 | _aBibliography: p 181-99 | ||
| 650 | _aEconomics | ||
| 700 |
_a GUERRA Ana-Isabel _9268580 |
||
| 700 |
_a SANCHO Ferran _9268581 |
||
| 942 |
_hX:7:(B), Q2;Q7 _cGB _2CC |
||
| 999 |
_c549483 _d549483 |
||